[Event "Oberliga Baden 1415"]
[Site "Baden"]
[Date "2015.01.18"]
[Round "5.7"]
[White "Duilovic, Vlatko"]
[Black "Gschnitzer, Adrian"]
[Result "0-1"]
[WhiteElo "2075"]
[BlackElo "2197"]
[PlyCount "40"]
[EventDate "2014.09.21"]
[EventType "team-tourn"]
[EventRounds "9"]
[EventCountry "GER"]
[SourceTitle "EXT 2016"]
[Source "ChessBase"]
[SourceDate "2015.10.08"]
[SourceVersion "1"]
[SourceVersionDate "2015.10.08"]
[SourceQuality "1"]
[WhiteTeam "Dreisamtal"]
[BlackTeam "Walldorf"]
[WhiteTeamCountry "GER"]
[BlackTeamCountry "GER"]

1. d4 d5 2. Nf3 Nf6 3. Bf4 Bf5 4. e3 e6 5. c4 Bxb1 6. Qa4+ c6 7. Rxb1 dxc4 8. Bxb8 b5 9. Qa6 Bb4+ 10. Ke2 Rxb8 11. Qxc6+ Kf8 12. Ne5 Bd6 13. f4 Rb6 14. Qf3 Nd5 15. Qe4 Ra6 16. Ra1 Ra3 17. Qxd5 exd5 18. bxa3 Bxa3 19. Kf2 f6 20. Nf3 Kf7 0-1